000 00430nam a2200133 a 4500
001 000007067
005 20230306100131.0
008 090904s2002 dr 001 0 spa d
040 _aDO-SdBNP
_bspa
_cBNPHU
245 0 0 _aPrincipales convenios sobre arbitraje comercial internacional.
260 _aSanto Domingo :
_bFINJUS, UASID,
_c2002.
300 _a73 p. :
_bil. ;
_c22 cm.
710 1 _aFundación Institucionalidad y Justicia
_919649
999 _c6850
_d6850